De la rigidez al equilibrio flexible: el concepto de causas económicas y tecnológicas y su evolución legal
Uloženo v:
| Hlavní autor: | |
|---|---|
| Médium: | Kniha |
| Jazyk: | španělština |
| Vydáno: |
Madrid
Consejo Económico y Social
1994
|
| Vydání: | 1a. ed |
| Edice: | Colección Estudios, 12
|
| Témata: | |
| Tagy: |
Přidat tag
Žádné tagy, Buďte první, kdo vytvoří štítek k tomuto záznamu!
|
MARC
| LEADER | 00000nam a2200000 a 4500 | ||
|---|---|---|---|
| 001 | UCK4615 | ||
| 003 | CL-VaPUC | ||
| 008 | 050617e19940000SP |||||||||||||||||spa|d | ||
| 020 | |a 8481880108 | ||
| 082 | 0 | 4 | |a 344.4601 |b ROD |2 21 |
| 100 | 0 | |a Rodríguez de la Borbolla, José |e author |9 493187 | |
| 245 | 1 | 0 | |a De la rigidez al equilibrio flexible: el concepto de causas económicas y tecnológicas y su evolución legal |
| 250 | |a 1a. ed | ||
| 300 | |a 178 p | ||
| 942 | |c BK | ||
| 945 | |d 20050617 00:00:00 |a cmena | ||
| 260 | |a Madrid |b Consejo Económico y Social |c 1994 | ||
| 650 | 7 | |a DERECHO LABORAL |2 CL-VaPUC |9 15 | |
| 650 | 0 | |a Flexibilidad laboral |9 490185 | |
| 650 | 0 | |a Jurisprudencia |9 255952 | |
| 650 | 0 | |a Contratos |9 255153 | |
| 650 | 7 | |a REFORMA LABORAL |2 CL-VaPUC |9 352892 | |
| 651 | 0 | |a España |9 254926 | |
| 583 | |a last modification |c 20170731 10:32:27 |k Rodrigo Vera | ||
| 490 | 0 | |a Colección Estudios, 12 | |
| 999 | |c 313440 |d 313438 | ||
| 952 | |0 0 |1 0 |4 0 |6 344_460100000000000_ROD_1994 |7 0 |8 A |9 384774 |a BIBGIM |b BIBGIM |d 2019-11-22 |i 4139259 |o 344.4601 ROD 1994 |p 4139259 |r 2025-01-15 |w 2019-11-22 |y BK |k GIM | ||